000 01084nam1a2200313 i 4500
001 RU\NLR\bibl\853914
005 20241103065400.0
035 _a(NLR Aleph) 000842647
090 _a1430196
_c1430196
100 _a20051013g20049999u y0rusy50 ca
101 0 _arus
102 _aRU
105 _aa |||||||||
200 1 _aАтлас тайн и загадок
_fВиктор Калашников
210 _aМосква
_cБелый город
_d2004
215 _d30
300 _aНа обл. авт. не указан
463 0 _1001807197
606 1 _aВсеобщая история
_xОригинальные теории
_92074681
_3RU\NLR\auth\661249692
606 _aСверхъестественные существа
_92166445
_3RU\NLR\AUTH\661303492
686 _aТ3(0)0,02
700 1 _aКалашников
_bВ. И.
_gВиктор Иванович
_4070
801 0 _aRU
_bNLR
_c20051013
_grcr
801 1 _aRU
_bNLR
_c20051013
830 _aавт. по ЭК РНБ
852 _aNLR
_j2005-8/1641
942 _cBOOK